000 00429nam a2200157Ia 4500
003 GCL
008 140319s9999 xx 000 0 eng d
040 _aGCL /
_cGCL
082 0 4 _a547.1
_bC S
100 1 _aCARRUTHERS, W.
245 1 0 _aSOME MODERN METHODS OF ORGANIC SYNTHESIS /
_cCARRUTHERS, W.
260 _a[S.N] :
_bCAMLRIDGE UNIVERSITY PRESS ،
_c1993
300 _a526\P
650 0 4 _aORGANIC CHEMISTRY
942 _2ddc
_cBK
999 _c20178
_d20178